000 00598nam a22002057a 4500
003 0
005 20251108104330.0
008 251108b xxu||||| |||| 00| 0 eng d
020 _a978-0-340-97823-8
050 _aPR 6058.I455
_b.H55 2009
100 _aHilton, Matt,
_eauthor.
245 _aDead men's dust /
_cMatt Hilton.
260 _aLondon :
_bHodder & Stoughton Ltd,
_c2009.
300 _a438 pages ;
_c18 cm.
650 _aSuspense fiction.
650 _aPrivate investigators
_xFiction.
650 _aMurder
_xInvestigation
_vFiction.
650 _aThrillers (Fiction).
942 _2lcc
_cBK
999 _c368543
_d368543